00439 2200169 4500001002100000008004100021035002000062245004600082100001800128260002800146300001200174020002200186084001400208082000800222650002000230990001900250INLIS000000000001389 ind  a0010-0724001389 aYuk, Jaga Kesehatan BersamacEllen Wijaya aWijaya, Ellen aJakartabErlanggac2022 a58 hlm. a978-623-266-562-0 a611 ELL y a611 aAnatomi Manusia aP29/CP/24/1389